[Event "37th World Junior Girls"]
[Site "New Delhi IND"]
[Date "2019.10.16"]
[Round "2.2"]
[White "Kiolbasa, Oliwia"]
[Black "Salimova, Nurgyul"]
[Result "1/2-1/2"]
[WhiteTitle "WIM"]
[BlackTitle "FM"]
[WhiteElo "2223"]
[BlackElo "2415"]
[WhiteFideId "1154613"]
[BlackFideId "2915138"]
[EventDate "2019.10.15"]

1. e4 e5 2. Nf3 Nc6 3. Bb5 a6 4. Ba4 g6 5. O-O Bg7 6. c3 d6 7. h3 Ne7 8. d4 Bd7
9. d5 Nb8 10. c4 O-O 11. Nc3 h6 12. Rb1 f5 13. Bc2 f4 14. Nh2 g5 15. f3 h5 16.
b4 Be8 17. a4 Nd7 18. a5 Nf6 19. Bd2 Bd7 20. Bd3 Rf7 21. c5 Bf8 22. cxd6 cxd6
23. Na4 Nc8 24. b5 g4 25. fxg4 hxg4 26. Nxg4 Nxg4 27. hxg4 Qh4 28. Be1 Qh6 29.
bxa6 Rh7 30. axb7 Qh2+ 31. Kf2 Qg3+ 32. Kg1 Qh2+ 33. Kf2 Qg3+ 34. Kg1 1/2-1/2

[Event "37th World Junior Girls"]
[Site "New Delhi IND"]
[Date "2019.10.16"]
[Round "2.3"]
[White "Olde, Margareth"]
[Black "Vaishali, R"]
[Result "1/2-1/2"]
[WhiteTitle "WFM"]
[BlackTitle "WGM"]
[WhiteElo "2205"]
[BlackElo "2385"]
[WhiteFideId "4503082"]
[BlackFideId "5091756"]
[EventDate "2019.10.15"]

1. d4 Nf6 2. c4 e6 3. Nf3 d5 4. g3 dxc4 5. Bg2 a6 6. Ne5 c5 7. Na3 cxd4 8. Naxc4
Bb4+ 9. Bd2 Bxd2+ 10. Qxd2 O-O 11. Rd1 Nd5 12. Qxd4 f6 13. Ng4 Qe7 14. Nb6 Nc6
15. Nxd5 exd5 16. Bxd5+ Be6 17. Bxe6+ Qxe6 18. Qd5 Qxd5 19. Rxd5 Nb4 20. Rd7
Nxa2 21. O-O b5 22. Rfd1 Nb4 23. h4 h5 24. Ne3 Rf7 25. Rxf7 Kxf7 26. Rd7+ Kg6
27. f3 Nc6 28. g4 Ra7 29. Rd6 Ne7 30. Kf2 a5 31. Rb6 hxg4 32. fxg4 b4 33. Nc4
Rc7 34. Nxa5 Rc5 35. Nb3 Rc4 36. Kf3 Nc6 37. e4 Ne5+ 38. Kf4 Nd3+ 39. Ke3 Nxb2
40. Nd2 Rc3+ 41. Ke2 Nd3 42. g5 Ne5 43. gxf6 gxf6 44. Rxb4 Rh3 45. Nc4 Rxh4 46.
Nxe5+ fxe5 47. Kf3 Rf4+ 48. Ke3 Rh4 49. Kf3 1/2-1/2

[Event "37th World Junior Girls"]
[Site "New Delhi IND"]
[Date "2019.10.16"]
[Round "2.4"]
[White "Assaubayeva, Bibisara"]
[Black "Aakanksha, Hagawane"]
[Result "1/2-1/2"]
[WhiteTitle "FM"]
[BlackTitle "WIM"]
[WhiteElo "2381"]
[BlackElo "2181"]
[WhiteFideId "13708694"]
[BlackFideId "25014510"]
[EventDate "2019.10.15"]

1. d4 Nf6 2. c4 g6 3. Nc3 d5 4. cxd5 Nxd5 5. e4 Nxc3 6. bxc3 Bg7 7. Nf3 c5 8. h3
O-O 9. Be2 Nc6 10. Be3 cxd4 11. cxd4 Qa5+ 12. Bd2 Qa3 13. d5 Ne5 14. O-O Nxf3+
15. Bxf3 b6 16. Rc1 Bb7 17. Bf4 Rfc8 18. Qd2 Bc3 19. Qe3 Bb2 20. Rb1 Qxe3 21.
Bxe3 Be5 22. a4 Ba6 23. Rfd1 Rc7 24. Bd4 Bxd4 25. Rxd4 Rd8 26. Rdd1 Rc2 27. Rdc1
Rdc8 28. Rxc2 Rxc2 29. Bd1 Rc5 30. f3 Kf8 31. Kf2 Ke8 32. Rb2 Kd7 33. h4 e6 34.
dxe6+ Kxe6 35. Rd2 Ke7 36. g4 h6 37. f4 Rc3 38. g5 hxg5 39. hxg5 Rd3 40. Rxd3
Bxd3 41. Ke3 Ba6 42. Kd4 Bc8 43. Bc2 Bd7 44. Kd5 a5 45. f5 gxf5 46. exf5 b5 47.
f6+ Ke8 48. Kd6 bxa4 49. g6 fxg6 50. Bxg6+ Kf8 51. Kxd7 a3 52. Bb1 Kf7 1/2-1/2

[Event "37th World Junior Girls"]
[Site "New Delhi IND"]
[Date "2019.10.16"]
[Round "2.5"]
[White "Potapova, Margarita"]
[Black "Cervantes Landeiro, Thalia"]
[Result "0-1"]
[WhiteTitle "WFM"]
[BlackTitle "WIM"]
[WhiteElo "2377"]
[BlackElo "2176"]
[WhiteFideId "14126869"]
[BlackFideId "3520498"]
[EventDate "2019.10.15"]

1. d4 Nf6 2. c4 g6 3. Nc3 d5 4. cxd5 Nxd5 5. e4 Nxc3 6. bxc3 Bg7 7. Nf3 O-O 8.
Be3 c5 9. Be2 b6 10. Rc1 Bb7 11. d5 Qc7 12. c4 e6 13. Qd2 exd5 14. exd5 Re8 15.
h4 Nd7 16. h5 Nf6 17. h6 Ne4 18. Qd3 Bf6 19. O-O Bc8 20. Rfe1 Bf5 21. Qb3 Re7
22. Bf1 Rae8 23. a4 Bg4 24. Nh2 Bh5 25. Bd3 Qd6 26. g4 Nxf2 27. Bxf2 Bd4 28.
Rxe7 Bxf2+ 29. Kh1 Qxe7 30. gxh5 Qg5 31. Rf1 Bd4 32. hxg6 hxg6 33. h7+ Kxh7 34.
Qc2 Re3 35. Be4 Rc3 36. Qd1 Rh3 37. Qc2 Be5 38. Rxf7+ Kg8 39. Rf2 Bd4 40. Rf1
Be5 41. Rf2 Qe3 42. Re2 Qf4 43. Rf2 Rxh2+ 44. Kg1 Bd4 45. Bg2 Bxf2+ 46. Qxf2
Qxf2+ 47. Kxf2 Rh4 48. d6 Kf8 49. Bd5 Rd4 50. Ke3 Ke8 51. Bc6+ Kd8 52. d7 Rxc4 0-1

[Event "37th World Junior Girls"]
[Site "New Delhi IND"]
[Date "2019.10.16"]
[Round "2.7"]
[White "Pychova, Nela"]
[Black "Dordzhieva, Dinara"]
[Result "0-1"]
[WhiteTitle "WFM"]
[BlackTitle "WIM"]
[WhiteElo "2178"]
[BlackElo "2335"]
[WhiteFideId "351369"]
[BlackFideId "24157570"]
[EventDate "2019.10.15"]

1. e4 c5 2. Nc3 e6 3. d4 cxd4 4. Qxd4 Nc6 5. Qd2 Nf6 6. g3 a6 7. Bg2 Qc7 8. Nge2
b5 9. O-O Bb7 10. a3 Be7 11. h3 O-O 12. Qd1 Rfd8 13. f4 d5 14. e5 Bc5+ 15. Kh2
Nd7 16. Qe1 Rac8 17. g4 b4 18. Na4 Be7 19. Be3 bxa3 20. bxa3 Na5 21. Nb6 Nxb6
22. Qxa5 Nc4 23. Qxc7 Rxc7 24. Bd4 Rdc8 25. c3 Nxa3 26. Ra2 Nb5 27. Rb1 Na3 28.
Rb3 Nc4 29. Kg3 Ra8 30. Nc1 a5 31. Bf1 a4 32. Rb1 Bc6 33. Nd3 Bd7 34. Be2 g5 35.
Bd1 gxf4+ 36. Kxf4 a3 37. Nb4 h6 38. Kg3 Bg5 39. Rba1 Be3 40. Be2 Bxd4 41. cxd4
Rb7 42. Nd3 Rb3 43. Kf2 Bc6 44. h4 Kg7 45. Nf4 Rc3 46. Nh5+ Kf8 47. Nf6 Rb3 48.
g5 hxg5 49. h5 Kg7 50. Rh1 Rb2 51. h6+ Kh8 52. Rxb2 axb2 53. Bd3 Nd2 54. Rd1
Ne4+ 55. Bxe4 dxe4 56. Rb1 Rb8 57. Ke3 Bd5 0-1

[Event "37th World Junior Girls"]
[Site "New Delhi IND"]
[Date "2019.10.16"]
[Round "2.8"]
[White "Munkhzul, Turmunkh"]
[Black "Avetisyan, Mariam"]
[Result "0-1"]
[WhiteTitle "WIM"]
[BlackTitle "WFM"]
[WhiteElo "2332"]
[BlackElo "2110"]
[WhiteFideId "4901878"]
[BlackFideId "13307622"]
[EventDate "2019.10.15"]

1. e4 c6 2. d4 d5 3. Nc3 dxe4 4. Nxe4 Bf5 5. Ng3 Bg6 6. h4 h6 7. Nf3 e6 8. Ne5
Bh7 9. Bd3 Bxd3 10. Qxd3 Nd7 11. Bf4 Ngf6 12. O-O-O Bd6 13. Kb1 Qc7 14. Ne4 Nxe4
15. Qxe4 Nf6 16. Qf3 O-O-O 17. Rhe1 Rhf8 18. Bxh6 Ne8 19. Bc1 Kb8 20. Nc4 Ka8
21. g4 Be7 22. h5 Nd6 23. Bf4 Qc8 24. Ne5 Nb5 25. Be3 Bb4 26. c3 Bxc3 27. bxc3
Nxc3+ 28. Ka1 Nxd1 29. Rxd1 Qc7 30. Nc4 Rd5 31. Bf4 Qe7 32. Qb3 Rfd8 33. Qa4 Rb5
34. Rd3 a6 35. Rb3 Ka7 36. Rxb5 cxb5 37. Qa3 Qxa3 38. Nxa3 f6 39. Nc2 Kb6 40.
Kb2 a5 41. Kc3 b4+ 42. Kd3 Kb5 43. Bc1 Rc8 44. Bb2 a4 45. a3 b3 46. Nb4 Rh8 47.
f3 Rg8 48. f4 Rh8 49. d5 exd5 50. Bd4 Rf8 51. Nxd5 Rd8 52. Nc7+ Kc6 53. Ne6 Rd6
54. f5 b5 55. Kc3 Kd7 56. Kb2 Rc6 57. Nxg7 Rc2+ 58. Kb1 b4 59. Bb2 Rg2 60. Bc1
Rg1 61. Kb2 bxa3+ 62. Kxa3 Rxc1 63. h6 Ra1+ 64. Kb2 Ra2+ 65. Kb1 a3 66. Ne6 Rc2 0-1

[Event "37th World Junior Girls"]
[Site "New Delhi IND"]
[Date "2019.10.16"]
[Round "2.9"]
[White "Sapale, Saloni"]
[Black "Antova, Gabriela"]
[Result "1/2-1/2"]
[WhiteTitle "WIM"]
[BlackTitle "FM"]
[WhiteElo "2142"]
[BlackElo "2318"]
[WhiteFideId "5085527"]
[BlackFideId "2915235"]
[EventDate "2019.10.15"]

1. e4 c5 2. Nf3 d6 3. d4 cxd4 4. Nxd4 Nf6 5. Nc3 a6 6. Be3 e6 7. g4 e5 8. Nf5 g6
9. g5 gxf5 10. exf5 d5 11. Qf3 d4 12. O-O-O Nbd7 13. Bxd4 exd4 14. Rxd4 Bc5 15.
Rd2 Qc7 16. Bc4 Be7 17. gxf6 Nxf6 18. Re1 Qxc4 19. Rde2 O-O 20. Rxe7 Qh4 21. Kb1
Bd7 22. Ne4 Rfd8 23. Qg3+ Qxg3 24. Nxf6+ Kf8 25. fxg3 Bxf5 26. R7e2 Rac8 27. g4
Bg6 28. Ne4 Rd4 29. h3 Re8 30. Nc3 Rxe2 31. Rxe2 Rf4 32. a3 Rf1+ 33. Ka2 Rh1 34.
Re3 Bxc2 35. b4 Rh2 36. Re2 Rxe2 37. Nxe2 Ke7 38. g5 Kd6 39. Kb2 Bf5 40. h4 Ke5
41. Kc3 Bg4 42. Nc1 Kf4 43. Kd4 Kg3 44. Ke5 Kxh4 45. Kf6 Be6 46. Nd3 Kg4 47. a4
b6 1/2-1/2

[Event "37th World Junior Girls"]
[Site "New Delhi IND"]
[Date "2019.10.16"]
[Round "2.11"]
[White "Li, Yunshan"]
[Black "Katkov, Michelle"]
[Result "0-1"]
[WhiteTitle "WFM"]
[BlackTitle "WFM"]
[WhiteElo "2289"]
[BlackElo "2106"]
[WhiteFideId "8607664"]
[BlackFideId "2816393"]
[EventDate "2019.10.15"]

1. d4 Nf6 2. c4 e6 3. Nc3 Bb4 4. Nf3 O-O 5. e3 Nc6 6. Qc2 d6 7. Bd2 e5 8. d5 Nb8
9. a3 Bxc3 10. Bxc3 a5 11. e4 Qe7 12. g3 Bd7 13. Bg2 a4 14. Nd2 Na6 15. O-O Nc5
16. Rae1 Ng4 17. f4 f6 18. Nf3 Rac8 19. Nh4 Nh6 20. Nf5 Nxf5 21. exf5 Rce8 22.
g4 Qd8 23. g5 Qc8 24. fxe5 dxe5 25. gxf6 gxf6 26. Bb4 b6 27. Qf2 Kh8 28. Bxc5
bxc5 29. Be4 Rg8+ 30. Kh1 Rg5 31. Re3 Reg8 32. Rf3 Qf8 33. b3 Rg4 34. Re1 Qh6
35. Qe3 Qg7 36. Rff1 axb3 37. Bf3 Rg2 38. Re2 Rxe2 39. Qxe2 Bxf5 40. d6 cxd6 41.
Bd5 Rb8 42. Rxf5 b2 43. Be4 b1=Q+ 44. Bxb1 Rxb1+ 45. Rf1 Qb7+ 46. Kg1 Rb2 47.
Qf3 Qxf3 48. Rxf3 Kg7 49. Rd3 Rc2 50. Rxd6 Rxc4 51. Ra6 Rc2 52. a4 Ra2 53. a5 c4
54. Rc6 Rxa5 55. Rxc4 Ra2 56. Rg4+ Kf7 57. Rh4 Kg6 58. Rg4+ Kf5 59. Rh4 Ra7 60.
Kf2 e4 61. Ke3 Ra3+ 62. Kf2 Ra7 63. Ke3 Re7 64. Rf4+ Kg5 65. h4+ Kg6 66. Rg4+
Kh5 67. Rf4 Re6 68. Ke2 Kg6 69. Ke3 f5 70. Rf1 Kf6 71. Ra1 Kg6 72. Rf1 Rd6 73.
Kf4 Rd3 74. Ke5 Rf3 75. Rg1+ Kh5 76. Rh1 e3 77. Kd4 f4 78. Kd3 Rf2 79. Rg1 e2
80. Kd4 0-1

[Event "37th World Junior Girls"]
[Site "New Delhi IND"]
[Date "2019.10.16"]
[Round "2.12"]
[White "Harshita, Guddanti"]
[Black "Solozhenkina, Elizaveta"]
[Result "1/2-1/2"]
[WhiteTitle "WIM"]
[BlackTitle "WIM"]
[WhiteElo "2123"]
[BlackElo "2283"]
[WhiteFideId "25043250"]
[BlackFideId "34106615"]
[EventDate "2019.10.15"]

1. e4 c6 2. d4 d5 3. Nc3 dxe4 4. Nxe4 Bf5 5. Ng3 Bg6 6. h4 h6 7. Nf3 e6 8. Ne5
Bh7 9. Bd3 Bxd3 10. Qxd3 Nd7 11. Bf4 Nxe5 12. Bxe5 Qa5+ 13. c3 Nf6 14. O-O Rd8
15. Qe2 Be7 16. Ne4 Qd5 17. Rfe1 Qxe4 18. Qxe4 Nxe4 19. Rxe4 O-O 20. h5 Rd5 21.
Rae1 Rfd8 22. b4 Bf6 23. a4 b6 24. g4 Kf8 25. Kg2 Ra8 26. R4e2 Be7 27. Rb1 Rc8
28. Kf3 Bf6 29. c4 Rd7 30. Bxf6 gxf6 31. Re4 c5 32. bxc5 bxc5 33. Ke3 Rc6 34.
Rb8+ Kg7 35. Rb5 cxd4+ 36. Rxd4 Rdc7 37. Kd3 e5 38. Re4 Rd6+ 39. Rd5 Rxd5+ 40.
cxd5 Rc5 41. Rc4 Rxd5+ 42. Ke3 Rd1 43. f3 Rd6 44. f4 exf4+ 45. Ke4 1/2-1/2

[Event "37th World Junior Girls"]
[Site "New Delhi IND"]
[Date "2019.10.16"]
[Round "2.13"]
[White "Blazeka, Mihaela"]
[Black "Yakubbaeva, Nilufar"]
[Result "1/2-1/2"]
[WhiteTitle "WFM"]
[WhiteElo "2109"]
[BlackElo "2281"]
[WhiteFideId "14528576"]
[BlackFideId "14204487"]
[EventDate "2019.10.15"]

1. e4 c5 2. Nf3 d6 3. d4 cxd4 4. Nxd4 Nf6 5. f3 e5 6. Nb3 Be6 7. Bg5 Nbd7 8. Nc3
Be7 9. Bb5 O-O 10. O-O a6 11. Be2 Rc8 12. Qd2 d5 13. exd5 Nxd5 14. Bxe7 Qb6+ 15.
Kh1 Nxe7 16. Bd3 Ng6 17. g3 Rfd8 18. Qf2 Qc7 19. Rad1 f5 20. Rfe1 Nf6 21. Bf1 b5
22. Nc5 Qb6 23. Rxd8+ Rxd8 24. N5e4 Qc6 25. Nc5 Ng4 26. Qg2 Qxc5 27. fxg4 fxg4
28. Bd3 b4 29. Ne4 Qc8 30. Qe2 a5 31. Nf2 Rf8 32. Kg1 Qc5 33. Qe3 Qc6 34. Be4
Qc8 35. Qb6 Bf5 36. Qxa5 Bxe4 37. Nxe4 Qc4 38. Qb6 Ne7 39. b3 Qd5 40. Qxb4 Nc6
41. Qc5 Qxc5+ 42. Nxc5 Nd4 43. Kg2 Nf3 44. Re2 Rd8 45. Nd3 Nd4 46. Rxe5 Nxc2 47.
Nf4 Rd1 48. h3 Ne1+ 49. Kf2 gxh3 50. Rh5 Ng2 51. Ne2 Ne1 52. Rxh3 Nd3+ 53. Ke3
Nb4 54. Rh4 Rd3+ 55. Ke4 Rd2 56. Nc3 Nxa2 57. Nxa2 Rxa2 58. Kd5 Rb2 59. Kc4 h6
60. Rf4 g5 61. Rf3 Kg7 62. b4 h5 63. b5 Kg6 64. Rb3 Rxb3 65. Kxb3 h4 66. gxh4
gxh4 67. b6 h3 68. b7 h2 69. b8=Q h1=Q 70. Qg8+ Kf6 1/2-1/2

[Event "37th World Junior Girls"]
[Site "New Delhi IND"]
[Date "2019.10.16"]
[Round "2.14"]
[White "Altantuya, Boldbaatar"]
[Black "Kairbekova, Amina"]
[Result "1-0"]
[WhiteTitle "WFM"]
[BlackTitle "WFM"]
[WhiteElo "2277"]
[BlackElo "2096"]
[WhiteFideId "4902785"]
[BlackFideId "13712799"]
[EventDate "2019.10.15"]

1. d4 Nf6 2. Nf3 d5 3. c4 e6 4. g3 Be7 5. Bg2 O-O 6. O-O c6 7. Nc3 Nbd7 8. b3 b6
9. Bf4 Ba6 10. Nd2 b5 11. Re1 Qb6 12. c5 Qa5 13. Qc2 e5 14. dxe5 Ng4 15. h3
Ngxe5 16. a3 Ng6 17. b4 Qd8 18. Be3 Bf6 19. Nb3 Nde5 20. Bd4 Nc4 21. e4 dxe4 22.
Bxf6 Qxf6 23. Nxe4 Qd8 24. Nd6 Qc7 25. Nxc4 bxc4 26. Nd4 Ne5 27. b5 Rad8 28.
Nxc6 Nxc6 29. Bxc6 Bc8 30. Qxc4 Bxh3 31. Bf3 Rd2 32. Rad1 Be6 33. Qb4 Ra2 34.
Bd5 Bxd5 35. Rxd5 Rc2 36. b6 Qc6 37. b7 Rb8 38. Rd8+ Rxd8 39. b8=Q Qd7 40. Qxd8+
Qxd8 41. Qa4 1-0

[Event "37th World Junior Girls"]
[Site "New Delhi IND"]
[Date "2019.10.16"]
[Round "2.15"]
[White "Dwilewicz, Katarzyna"]
[Black "Arpita, Mukherjee"]
[Result "0-1"]
[WhiteTitle "WFM"]
[BlackTitle "WIM"]
[WhiteElo "2106"]
[BlackElo "2271"]
[WhiteFideId "1148486"]
[BlackFideId "5056403"]
[EventDate "2019.10.15"]

1. e4 c5 2. Nf3 d6 3. d4 cxd4 4. Nxd4 Nf6 5. Nc3 a6 6. h3 e6 7. g4 Nfd7 8. g5
Be7 9. h4 b5 10. a3 Bb7 11. Be3 Nc6 12. Qd2 Qc7 13. O-O-O b4 14. axb4 Nxb4 15.
Kb1 Nc5 16. f3 Rc8 17. h5 Qa5 18. Bc4 Nxe4 19. fxe4 Rxc4 20. g6 Bxe4 21. gxf7+
Kxf7 22. Rhf1+ Bf6 23. Nb3 Bxc2+ 24. Qxc2 Nxc2 25. Nxa5 Rxc3 26. Bd4 Rcc8 27.
Bxf6 gxf6 28. Rxd6 f5 29. Rxa6 Ne3 30. Rf3 Nd5 31. Nc6 Rhg8 32. b4 f4 33. b5 Rg3
34. Kb2 Rxc6 35. Ra7+ Rc7 36. b6 Rxa7 37. bxa7 Rg8 38. Rb3 Ra8 39. Rb7+ Kf6 40.
Rxh7 f3 0-1

[Event "37th World Junior Girls"]
[Site "New Delhi IND"]
[Date "2019.10.16"]
[Round "2.16"]
[White "Ferkova, Dominika"]
[Black "Protopopova, Anastasiya"]
[Result "1/2-1/2"]
[WhiteTitle "WFM"]
[BlackTitle "WFM"]
[WhiteElo "2096"]
[BlackElo "2263"]
[WhiteFideId "14933071"]
[BlackFideId "24172073"]
[EventDate "2019.10.15"]

1. d4 Nf6 2. c4 e6 3. Nc3 Bb4 4. e3 O-O 5. Ne2 d5 6. a3 Be7 7. Ng3 b6 8. Bd3 c5
9. cxd5 Nxd5 10. O-O cxd4 11. Nxd5 exd5 12. exd4 g6 13. Bh6 Re8 14. Rc1 Bf6 15.
Be3 Qd6 16. Qc2 Be6 17. Qc7 Qf8 18. Bb5 Re7 19. Qf4 Bg7 20. Rc7 a6 21. Ba4 Ra7
22. Rxe7 Rxe7 23. Qd6 Rb7 24. Qxf8+ Kxf8 25. Rc1 b5 26. Bb3 Rb6 27. Ne2 Rc6 28.
Nc3 Nd7 29. a4 b4 30. Bxd5 Bxd5 31. Nxd5 Rxc1+ 32. Bxc1 Bxd4 33. Nxb4 Nc5 34.
Nc6 Bf6 35. b4 Nxa4 36. Nb8 Ke7 37. Nxa6 Kd7 38. Nb8+ Kc8 39. Na6 Kb7 40. Nc5+
Nxc5 41. bxc5 Kc6 42. Be3 1/2-1/2

[Event "37th World Junior Girls"]
[Site "New Delhi IND"]
[Date "2019.10.16"]
[Round "2.17"]
[White "Priyanka, Nutakki"]
[Black "Lakshmi, C"]
[Result "1-0"]
[WhiteTitle "WIM"]
[BlackTitle "WFM"]
[WhiteElo "2248"]
[BlackElo "1859"]
[WhiteFideId "25049615"]
[BlackFideId "25035347"]
[EventDate "2019.10.15"]

1. Nf3 Nf6 2. c4 g6 3. b3 Bg7 4. Bb2 d6 5. g3 O-O 6. Bg2 e5 7. O-O Ne8 8. Nc3 f5
9. d3 c6 10. b4 a5 11. b5 Be6 12. Nd2 Kh8 13. Rc1 Nf6 14. Na4 Nfd7 15. Ba3 Nf6
16. Qb3 Rf7 17. bxc6 Nxc6 18. e3 Ra6 19. Nc3 Bf8 20. Nd5 Qc8 21. Rb1 Ne8 22. f4
Bg7 23. Rfc1 Qd8 24. Qd1 g5 25. Kh1 g4 26. e4 Bxd5 27. cxd5 Nd4 28. exf5 exf4
29. gxf4 h5 30. Ne4 Rxf5 31. Ng3 Rf7 32. Nxh5 Qh4 33. Qe1 Qxh5 34. Qxe8+ Bf8 35.
Bb2 Kg8 36. Bxd4 g3 37. h3 Qh4 38. Qe6 Ra8 39. Rxb7 Be7 40. Rbc7 Rf8 1-0

[Event "37th World Junior Girls"]
[Site "New Delhi IND"]
[Date "2019.10.16"]
[Round "2.18"]
[White "Bhagyashree, Patil"]
[Black "Alinasab, Mobina"]
[Result "0-1"]
[BlackTitle "WIM"]
[WhiteElo "1802"]
[BlackElo "2239"]
[WhiteFideId "25053256"]
[BlackFideId "12528897"]
[EventDate "2019.10.15"]

1. e4 c5 2. Nf3 d6 3. d4 cxd4 4. Nxd4 Nf6 5. Nc3 a6 6. Be3 e5 7. Nb3 Be6 8. Be2
Be7 9. O-O O-O 10. Qd2 Nbd7 11. a4 Rc8 12. a5 Qc7 13. Bf3 b5 14. axb6 Nxb6 15.
Rxa6 Nc4 16. Qc1 Nxb2 17. Qxb2 Qxc3 18. Qxc3 Rxc3 19. Na5 Rfc8 20. Ra7 Bf8 21.
Rd1 Rxc2 22. h3 Ra2 23. Kh2 h6 24. g4 Rc3 25. Kg3 Ra4 26. Nc6 Nxe4+ 27. Kg2 Rxa7
28. Nxa7 Rc4 29. Nb5 Nc3 30. Nxd6 Rc7 31. Rd2 Rd7 32. Ne4 Nd5 33. Kg1 Nxe3 34.
Rxd7 Bxd7 35. fxe3 Be7 36. Kg2 Kf8 37. Nc3 Bc5 38. e4 Ke7 39. Be2 Be6 40. Kf3
Kd6 41. Nd1 Bd4 42. Ne3 g6 43. Bb5 Kc5 44. Be8 Bxe3 45. Kxe3 g5 46. Ba4 Kb4 47.
Be8 Kc3 48. Bc6 Bc4 49. Be8 f6 50. Kf2 Kd4 51. Bg6 Bd3 52. Kf3 Bf1 53. Bh5 Bxh3
54. Bg6 Bf1 55. Be8 Bc4 56. Bg6 Bb3 57. Bf5 Bc2 58. Bg6 Bd1+ 59. Kg3 Ke3 0-1

[Event "37th World Junior Girls"]
[Site "New Delhi IND"]
[Date "2019.10.16"]
[Round "2.20"]
[White "Gomez Barrera, Javiera Belen"]
[Black "Zhu, Jiner"]
[Result "1-0"]
[WhiteTitle "WIM"]
[BlackTitle "WIM"]
[WhiteElo "2033"]
[BlackElo "2507"]
[WhiteFideId "3418723"]
[BlackFideId "8608059"]
[EventDate "2019.10.15"]

1. e4 c5 2. Nf3 d6 3. d4 cxd4 4. Nxd4 Nf6 5. Nc3 a6 6. Be3 e6 7. f3 b5 8. Qd2
Bb7 9. g4 Nfd7 10. O-O-O Nb6 11. Nb3 Nc6 12. Qf2 Na4 13. Nxa4 bxa4 14. Nc5 a3
15. Nxb7 Qb8 16. Nxd6+ Bxd6 17. b3 O-O 18. Kb1 Rc8 19. f4 Nb4 20. Bd3 Qb7 21.
Rhg1 Bf8 22. e5 Rab8 23. f5 a5 24. fxe6 fxe6 25. g5 a4 26. Bxh7+ Kh8 27. Bg6 Rc4
28. Bf4 Kg8 29. Qh4 1-0

[Event "37th World Junior Girls"]
[Site "New Delhi IND"]
[Date "2019.10.16"]
[Round "2.21"]
[White "Shuvalova, Polina"]
[Black "Savitha, Shri B"]
[Result "1-0"]
[WhiteTitle "WIM"]
[BlackTitle "WFM"]
[WhiteElo "2412"]
[BlackElo "1916"]
[WhiteFideId "24171760"]
[BlackFideId "35061887"]
[EventDate "2019.10.15"]

1. e4 c5 2. Nf3 e6 3. c3 d5 4. exd5 exd5 5. d4 Nc6 6. Bb5 Nf6 7. O-O a6 8. Bxc6+
bxc6 9. Qa4 Bd7 10. Bg5 Be7 11. Ne5 Qc8 12. dxc5 O-O 13. Nd2 Bxc5 14. Bxf6 gxf6
15. Nxd7 Qxd7 16. Rad1 Kh8 17. Nb3 Bd6 18. Qh4 Be7 19. Rd3 Rg8 20. Re1 Rae8 21.
Rh3 Rg7 22. Rhe3 Reg8 23. g3 Bd8 24. Nc5 Qd6 25. Nb7 Qc7 26. Nxd8 Qxd8 27. Re7
Qd6 28. b4 f5 29. Qd4 Qg6 30. Ra7 h5 31. Rxa6 Rb8 32. a4 Kh7 33. b5 Rc8 34. Re5
f4 35. Qxf4 Kg8 36. Kg2 Qd6 37. Re8+ 1-0

[Event "37th World Junior Girls"]
[Site "New Delhi IND"]
[Date "2019.10.16"]
[Round "2.22"]
[White "Tanishka, Kotia"]
[Black "Narva, Mai"]
[Result "0-1"]
[WhiteTitle "WFM"]
[BlackTitle "WIM"]
[WhiteElo "2090"]
[BlackElo "2378"]
[WhiteFideId "25005600"]
[BlackFideId "4500512"]
[EventDate "2019.10.15"]

1. e4 c5 2. c3 Nf6 3. e5 Nd5 4. d4 cxd4 5. cxd4 d6 6. Nf3 Nc6 7. Bc4 Nb6 8. Bb5
Bd7 9. Nc3 dxe5 10. dxe5 g6 11. O-O Bg7 12. Bf4 O-O 13. Qe2 a6 14. Bxc6 Bxc6 15.
Rfd1 Nd5 16. Nxd5 Bxd5 17. Qe3 Rc8 18. Bh6 e6 19. h3 Rc2 20. b3 Qa5 21. Bxg7
Kxg7 22. Nh2 h5 23. g4 Qc3 24. Nf1 hxg4 25. Qxc3 Rxc3 26. hxg4 Rh3 27. Ng3 Rfh8
28. Kf1 Bf3 29. Ke1 Bxd1 30. Rxd1 Rc8 31. Rd7 Rc2 32. Rxb7 Rh2 33. Rb4 Rhxf2 34.
a4 Rg2 0-1

[Event "37th World Junior Girls"]
[Site "New Delhi IND"]
[Date "2019.10.16"]
[Round "2.23"]
[White "Punsalan, Vyanla M"]
[Black "Divya, Deshmukh"]
[Result "0-1"]
[WhiteTitle "WFM"]
[BlackTitle "WIM"]
[WhiteElo "1964"]
[BlackElo "2358"]
[WhiteFideId "4305850"]
[BlackFideId "35006916"]
[EventDate "2019.10.15"]

1. e4 c5 2. c3 Nf6 3. e5 Nd5 4. d4 cxd4 5. Nf3 Nc6 6. cxd4 d6 7. Nc3 dxe5 8.
dxe5 Nxc3 9. Qxd8+ Nxd8 10. bxc3 Bd7 11. Bb2 e6 12. Be2 Nc6 13. O-O Be7 14. Rad1
O-O-O 15. Rfe1 Na5 16. Nd4 Ba4 17. Rb1 Bc5 18. Ba1 Rd5 19. Nb3 Bxb3 20. axb3 Nc6
21. b4 Be7 22. c4 Rd2 23. c5 Rhd8 24. Kf1 Rc2 25. Rb3 a5 26. bxa5 Nxa5 27. Rf3
Bxc5 28. Bc3 Nb3 29. Bd1 Nd2+ 30. Bxd2 Rcxd2 31. Be2 R8d7 32. Rc1 b6 33. Bb5 Ra7
34. Ke1 Rd5 35. Re3 Rc7 0-1

[Event "37th World Junior Girls"]
[Site "New Delhi IND"]
[Date "2019.10.16"]
[Round "2.24"]
[White "Eesha, Ajay Sarda"]
[Black "Song, Yuxin"]
[Result "1-0"]
[BlackTitle "WIM"]
[WhiteElo "1744"]
[BlackElo "2292"]
[WhiteFideId "35028677"]
[BlackFideId "8614300"]
[EventDate "2019.10.15"]

1. e4 c5 2. Nf3 d6 3. d4 cxd4 4. Nxd4 Nf6 5. Nc3 a6 6. Bg5 e6 7. f4 h6 8. Bh4
Qb6 9. a3 Be7 10. Bf2 Qc7 11. Qf3 Nbd7 12. O-O-O b5 13. g4 Bb7 14. Bg2 g5 15.
Qh3 O-O-O 16. f5 e5 17. Nde2 h5 18. gxh5 Rxh5 19. Qf3 Nc5 20. Ng3 Rh4 21. Qe2
Rdh8 22. h3 g4 23. hxg4 Nxg4 24. Rxh4 Rxh4 25. Rh1 Nxf2 26. Qxf2 Bg5+ 27. Kb1 f6
28. Bf3 Rxh1+ 1-0

[Event "37th World Junior Girls"]
[Site "New Delhi IND"]
[Date "2019.10.16"]
[Round "2.25"]
[White "Vantika, Agrawal"]
[Black "Nomindalai, Tumurbaatar"]
[Result "1-0"]
[WhiteTitle "WIM"]
[BlackTitle "CM"]
[WhiteElo "2283"]
[BlackElo "2061"]
[WhiteFideId "25050389"]
[BlackFideId "4904095"]
[EventDate "2019.10.15"]

1. d4 d6 2. Nf3 Bg4 3. e4 Nf6 4. h3 Bh5 5. Nc3 e6 6. Qe2 c6 7. g4 Bg6 8. h4 h5
9. g5 Nfd7 10. Bh3 Be7 11. d5 cxd5 12. exd5 e5 13. Be3 a6 14. O-O-O b5 15. Nxe5
Nxe5 16. Bd4 b4 17. Ne4 O-O 18. f4 Bxe4 19. Qxe4 Ned7 20. Rde1 Re8 21. g6 Nf8
22. gxf7+ Kxf7 23. Be6+ Nxe6 24. Qxe6+ Kf8 25. Qg6 Bf6 26. Bxf6 gxf6 27. Qh6+
Kf7 28. Qxh5+ Kf8 29. Qh6+ Kf7 30. Qh7+ Kf8 31. Reg1 1-0